000
00319nam a2200145Ia 4500
100
_a
Gokhale/ M.Y./ Mujumdar/ N.S.
942
_c
BK
654
_a
mathematics I
245
_a
Applied Mathematics-I
260
_b
Nirali prakashan
_c
2001
082
_a
519
_b
GOK/MUJ
300
_a
477
546
_a
ENGLISH
999
_c
21711
_d
21711